Statistics for 湖南省县级行政区划

Click here to take the quiz!

General Stats

  • This quiz has been taken 147 times
  • The average score is 55 of 122

Answer Stats

HintAnswer% Correct
长沙县
93%
天心区
81%
浏阳市
80%
雨花区
78%
岳麓区
78%
宁乡市
77%
望城区
74%
韶山市
73%
湘西土家族苗族自治州吉首市
69%
醴陵市
68%
开福区
68%
衡山县
68%
长沙市芙蓉区
67%
凤凰县
65%
湘潭县
65%
邵东市
64%
桃源县
64%
茶陵县
63%
岳阳市岳阳楼区
63%
冷水江市
62%
炎陵县
62%
衡东县
60%
湘乡市
60%
岳阳县
58%
平江县
57%
石门县
56%
汨罗市
56%
永州市零陵区
56%
常德市武陵区
55%
衡南县
55%
衡阳县
55%
耒阳市
53%
冷水滩区
52%
攸县
52%
武陵源区
52%
邵阳县
51%
洞口县
50%
津市市
50%
娄底市娄星区
50%
桑植县
50%
澧县
49%
新化县
49%
湘阴县
48%
安化县
48%
芷江侗族自治县
48%
祁东县
48%
隆回县
47%
临湘市
47%
南岳区
46%
新晃侗族自治县
46%
武冈市
45%
道县
45%
雨湖区
44%
桂阳县
44%
沅江市
44%
南县
44%
慈利县
43%
涟源市
43%
蒸湘区
43%
祁阳市
43%
花垣县
43%
通道侗族自治县
42%
龙山县
42%
君山区
41%
临澧县
40%
城步苗族自治县
40%
怀化市鹤城区
40%
溆浦县
40%
苏仙区
40%
天元区
40%
渌口区
40%
古丈县
40%
蓝山县
39%
湘潭市岳塘区
39%
新邵县
39%
双峰县
39%
华容县
38%
宜章县
38%
麻阳苗族自治县
38%
沅陵县
38%
江华瑶族自治县
38%
资兴市
38%
益阳市资阳区
38%
江永县
37%
桃江县
36%
鼎城区
36%
张家界市永定区
36%
株洲市荷塘区
36%
汉寿县
35%
桂东县
35%
双牌县
34%
芦淞区
34%
石峰区
32%
郴州市北湖区
32%
中方县
32%
衡阳市石鼓区
32%
辰溪县
32%
常宁市
32%
云溪区
31%
雁峰区
30%
永顺县
30%
洪江市
30%
新宁县
29%
临武县
29%
嘉禾县
29%
宁远县
28%
东安县
28%
大祥区
28%
靖州苗族自治县
27%
汝城县
27%
赫山区
27%
会同县
26%
北塔区
26%
保靖县
26%
珠晖区
25%
邵阳市双清区
24%
绥宁县
24%
泸溪县
23%
安乡县
23%
永兴县
22%
安仁县
22%
新田县
22%

Score Distribution

Percentile by Number Answered

Percent of People with Each Score

Your Score History

You have not taken this quiz